000 00639na a2200229 4500
001 23170
003 MIRAKIL
005 20181213154802.0
008 181023b tu 000 0
020 _a9786059833080
040 _aMilas
_btur
_cTR-AnCHP
041 _atur
082 _a320.9561
_bU62b 2015
090 _a320.9561 U62b 2015
100 _aUral, İbrahim
245 _aBir emniyet müdürünün kaleminden çözüm süreci
_cİbrahim Ural
260 _aİstanbul
_bİleri Yayınları
_c2015
300 _a159 s.
_c19 sm.
440 _aİleri yayınları
_v288
650 _aSiyaset ve yönetim
_xTürkiye
942 _2ddc
_cBKS
999 _c809
_d809